[Event "ROM-chT"]
[Site "ROM"]
[Date "1994.??.??"]
[Round "?"]
[White "Lupu, Smaranda B"]
[Black "Florescu, Codrut-Constantin"]
[Result "1-0"]
[WhiteElo "2135"]
[BlackElo "2410"]
[PlyCount "87"]
[EventDate "1994.??.??"]
[Source "ChessBase"]
[SourceDate "1997.11.17"]

1. e4 c5 2. Nf3 e6 3. c3 Nf6 4. e5 Nd5 5. g3 d6 6. exd6 Bxd6 7. Bg2 Nc6 8. O-O
O-O 9. Na3 b6 10. Nc4 Bc7 11. Re1 Bb7 12. a4 Qd7 13. d4 cxd4 14. cxd4 Rad8 15.
Bg5 Rc8 16. Qb3 h6 17. Bd2 Bb8 18. Rad1 Rfd8 19. Bc1 Ba6 20. Nfe5 Nxe5 21. Nxe5
Bxe5 22. dxe5 Bc4 23. Qa3 Qc7 24. Bd2 Qe7 25. Qf3 Kh8 26. Re4 f5 27. Rd4 Ba6
28. Qh5 Qf8 29. Bxd5 Rxd5 30. Rxd5 exd5 31. e6 Re8 32. Re1 Kh7 33. Bc3 d4 34.
Bxd4 Bb7 35. Bc3 Be4 36. f3 Qc5+ 37. Kg2 g6 38. Qh4 Bc6 39. Qf6 Qe7 40. Qe5 Rg8
41. h4 Qb7 42. Re3 Qe7 43. h5 Bxa4 44. Bd4 1-0

[Event "ROM-chT"]
[Site "ROM"]
[Date "1994.??.??"]
[Round "?"]
[White "Varga, Zoltan"]
[Black "Florescu, Codrut-Constantin"]
[Result "1-0"]
[WhiteElo "2470"]
[BlackElo "2410"]
[PlyCount "77"]
[EventDate "1994.??.??"]
[Source "ChessBase"]
[SourceDate "1997.11.17"]

1. e4 c5 2. Nf3 e6 3. d4 cxd4 4. Nxd4 Nf6 5. Nc3 d6 6. Be3 a6 7. g4 b5 8. g5
Nfd7 9. Bd3 Bb7 10. Rg1 Nb6 11. Qg4 g6 12. O-O-O N8d7 13. Kb1 Rc8 14. Nce2 Ne5
15. Qg3 Nec4 16. Bc1 e5 17. Nb3 Qc7 18. h4 b4 19. h5 Bg7 20. Rh1 d5 21. f3 a5
22. exd5 a4 23. d6 Nxd6 24. h6 axb3 25. hxg7 bxc2+ 26. Bxc2 Rg8 27. Qxe5+ Kd7
28. Nd4 Qc5 29. Bf4 Bd5 30. Qxd6+ Qxd6 31. Bxd6 Kxd6 32. Rxh7 Ke5 33. Rh4 Rxg7
34. f4+ Kd6 35. f5 Rgg8 36. fxg6 fxg6 37. Ne2 Ke5 38. Nf4 Bc4 39. Nxg6+ 1-0

[Event "Bucharest schev"]
[Site "Bucharest"]
[Date "1993.??.??"]
[Round "?"]
[White "Barbulescu, Dan"]
[Black "Florescu, Codrut-Constantin"]
[Result "1-0"]
[WhiteElo "2405"]
[BlackElo "2280"]
[PlyCount "74"]
[EventDate "1993.??.??"]
[EventRounds "11"]
[EventCountry "ROM"]
[Source "ChessBase"]
[SourceDate "1997.11.17"]

1. Nf3 Nf6 2. c4 b6 3. g3 Bb7 4. Bg2 g6 5. b3 Bg7 6. Bb2 O-O 7. O-O Qc8 8. Nc3
Re8 9. d4 d5 10. cxd5 Nxd5 11. Rc1 Nxc3 12. Bxc3 Bd5 13. Qc2 Qb7 14. Rfd1 Nd7
15. Ne1 Bxg2 16. Nxg2 Nf6 17. Nf4 Rad8 18. Bb2 Rd7 19. Nd3 Ne4 20. f3 Ng5 21.
Nf4 Red8 22. h4 Nxf3+ 23. exf3 Qxf3 24. Rd3 Qe4 25. Rd2 Qf3 26. Rd3 Qg4 27. d5
e5 28. Qe2 Qf5 29. Ng2 e4 30. Rdd1 Bh6 31. Rc4 Re8 32. g4 Qf3 33. Re1 Qxe2 34.
Rc2 f5 35. gxf5 gxf5 36. Rc6 Rd6 37. Rxd6 cxd6 1-0

[Event "Bucharest schev"]
[Site "Bucharest"]
[Date "1993.??.??"]
[Round "?"]
[White "Urzica, Aurel"]
[Black "Florescu, Codrut-Constantin"]
[Result "1/2-1/2"]
[WhiteElo "2370"]
[BlackElo "2280"]
[PlyCount "93"]
[EventDate "1993.??.??"]
[EventRounds "11"]
[EventCountry "ROM"]
[Source "ChessBase"]
[SourceDate "1997.11.17"]

1. d4 Nf6 2. c4 e6 3. Nc3 Bb4 4. e3 c5 5. Nge2 cxd4 6. exd4 d5 7. a3 Be7 8. Nf4
Nc6 9. cxd5 exd5 10. Be2 O-O 11. O-O Bf5 12. Be3 Bd6 13. Rc1 Re8 14. h3 Bxf4
15. Bxf4 Qb6 16. Bb5 Re6 17. Bxc6 Rxc6 18. Be5 Qxb2 19. Bxf6 Rxc3 20. Rxc3 Qxc3
21. Be7 Re8 22. Re1 f6 23. Bb4 Rxe1+ 24. Qxe1 Qxe1+ 25. Bxe1 Kf7 26. Bb4 Ke6
27. Kf1 Bd3+ 28. Ke1 b6 29. h4 h5 30. Kd2 Bf1 31. g3 a5 32. Bf8 g5 33. Ke3 Kd7
34. Kd2 Bc4 35. Ke3 Ke6 36. f3 Bb3 37. Ke2 Ba4 38. Kd2 Be8 39. Ke2 Bg6 40. Kd2
Kd7 41. Kc3 Bf5 42. Kd2 Bh3 43. hxg5 fxg5 44. Bh6 Bg2 45. Bxg5 Bxf3 46. Bf6 b5
47. Kc3 1/2-1/2

[Event "POL-ch35 sf04 corr"]
[Site "?"]
[Date "1987.??.??"]
[Round "?"]
[White "Florescu, Codrut-Constantin"]
[Black "Dearnly, A. (USA)."]
[Result "1/2-1/2"]
[WhiteElo "2400"]
[BlackElo "2395"]
[Annotator "Fsch 11/97E p454"]
[PlyCount "62"]
[EventDate "1991.??.??"]

1. e4 c5 2. Nf3 e6 3. d4 cxd4 4. Nxd4 Nc6 5. Nb5 d6 6. c4 Nf6 7. N1c3 a6 8. Na3
(8. Nd4 Be7 9. Be2 O-O 10. O-O Bd7 11. Be3 Nxd4 12. Qxd4 Bc6 13. f3 Qb8 $1 14.
a4 d5 15. cxd5 (15. exd5 exd5 16. c5 Nd7 17. b4 Bf6 18. Qd2 Qe5 $11) 15... exd5
16. exd5 (16. e5 Nd7 17. f4 Bc5 18. Qd2 Qa7 19. Bxc5 Qxc5+ 20. Kh1 d4 $13)
16... Rd8 17. Bc4 b5 $11) 8... Be7 9. Be2 O-O 10. O-O b6 (10... Bd7 11. Be3 Rb8
12. f4 Qa5 13. Nc2 b5 14. cxb5 axb5 15. a3 $14 {Boleslavskij}) 11. Be3 Ne5 12.
f3 (12. Qb3 Ned7 13. Rfd1 Qc7 14. f3 Bb7 15. Kh1 Rac8 16. Rd2 Nc5 17. Qd1 Rfd8
18. Rc1 Qb8 19. Qg1 d5 20. cxd5 exd5 $11 {Gufeld-Kasparov, Baku 1980}) 12...
Bb7 13. Qe1 (13. Qd2 Qc7 14. Rac1 Rfe8 15. Rfd1 Rac8 16. Kh1 Bf8 17. Bf1 Ned7
18. Qf2 Qb8 $11 {Velikov-Rajkovic, Kladovo 1980}) 13... Qc7 (13... Re8 14. Qf2
Ned7 15. Rfd1 Qc7 16. Rac1 Rac8 17. Kh1 Qb8 18. Na4 d5 19. exd5 exd5 20. Nxb6
Nxb6 21. Bxb6 Bd6 $44 {Svesnikov}) 14. Qf2 Ned7 15. Rfd1 Rac8 16. Rac1 Bd8 17.
Kh1 Qb8 18. Rc2 Kh8 19. Rcd2 Bc7 20. Nc2 Rg8 21. Nb4 g5 $5 {#} (21... h6 22.
Bd4 d5 $5 $13 {Jansa-Ilic, Nis 1983}) 22. c5 $5 Nxc5 23. Bxc5 dxc5 24. Nxa6
Bxa6 25. Bxa6 Rcd8 26. Rxd8 Rxd8 27. Rxd8+ Qxd8 28. g3 Nh5 $6 (28... Be5 29.
Bc4 h6 30. a3 Bxc3 31. bxc3 Qd1+ 32. Kg2 Qc1 $17) 29. Kg2 Be5 30. Qc2 Ng7 31.
Qd3 Qxd3 {RR CCYB} 1/2-1/2

[Event "POL-ch35 sf04 corr"]
[Site "?"]
[Date "1987.??.??"]
[Round "?"]
[White "Florescu, Codrut-Constantin"]
[Black "Lemkau, Niels"]
[Result "0-1"]
[WhiteElo "2400"]
[BlackElo "2540"]
[Annotator "Peao Distante #6"]
[PlyCount "80"]
[EventDate "1991.??.??"]

1. e4 c5 2. Nf3 d6 3. d4 cxd4 4. Nxd4 Nf6 5. Nc3 a6 6. Bg5 e6 7. f4 Be7 8. Qf3
Qc7 9. O-O-O Nbd7 10. g4 b5 11. Bxf6 Nxf6 12. g5 Nd7 13. a3 Rb8 14. Bh3 (14. h4
b4 15. axb4 Rxb4 16. Bh3 Qc5 17. Nb3 Qb6 18. h5 Nc5 19. Nxc5 dxc5 20. g6 fxg6
21. hxg6 h6 22. Nd5 exd5 23. Bxc8 O-O 24. Qg4 Rxe4 $17 {
Kaplan-Browne, Madrid 1973}) 14... Nc5 (14... O-O $2 15. g6 $1 hxg6 16. Nxe6
$16) (14... Qc4 $5 15. Nb3 $1 Bb7 16. Rhg1 g6 17. Qe3 h6 $6 18. gxh6 Nf6 19. e5
dxe5 20. Qxe5 Rc8 21. Na5 Qc7 22. Nxb7 Qxb7 23. Nd5 $3 $18 {
Sevechek-Gudim, USSR 1967}) 15. Rhg1 (15. Rhe1 O-O 16. Qg3 b4 17. axb4 Rxb4 18.
f5 Qb6 19. f6 Bd8 20. fxg7 Re8 21. Nf5 $5 exf5 22. Nd5 Qa5 23. Nxb4 f4 $1 24.
Qf3 Qa1+ $1 {Planinc-Bukic, Novi Travnik 1969}) 15... b4 (15... Na4 16. f5 $5
Nxc3 17. Qxc3 Qxc3 18. bxc3 $11) 16. axb4 Rxb4 17. f5 Qb7 (17... Qb6 18. fxe6
fxe6 19. Nxe6 Nxe6 20. Nd5 Qc5 21. Nxb4 Qxb4 22. e5 Bb7 23. Qf5 Qf4+ 24. Kb1 $1
Qxf5 25. Bxf5 Nxg5 26. exd6 Bf6 27. Rd3 $14 {Nunn}) 18. f6 (18. g6 hxg6 19.
fxe6 fxe6 20. Rxg6 Bf6 $17) (18. fxe6 fxe6 19. b3 Rf8 20. Qe3 g6 21. Bg4 Qb6
22. e5 dxe5 23. Qxe5 Bd6 24. Qg7 Qa5 25. Kb1 $13 {
Matulovic-Bogdanovic, Sarajevo 1966}) 18... gxf6 (18... Bf8 19. b3 a5 $5) 19.
gxf6 Bf8 20. b3 a5 (20... Bh6+ $2 21. Kb2 Bd7 22. Qh5 Be3 23. Qxh7 $1 Rf8 24.
Rg8 $1 $18 {Buljovcic-Bertok, Yugoslavia 1965}) 21. Qe3 $2 {N} (21. Rg7 $2 a4
22. Na2 Rxd4 23. Rxd4 axb3 24. Nc3 bxc2 $40) (21. Rge1) (21. Bf1) (21. Qh5 $5
a4 22. Na2 Rxd4 $5 $13) (21. Rge1) (21. Bf1) 21... h5 {#} 22. Nf5 $2 (22. Qe2
a4 $40) 22... exf5 23. exf5+ Re4 (23... Ne4 $5) (23... Ne4 $5) 24. Nxe4 Qxe4
25. Qc3 Qb4 $17 26. Qxb4 (26. Rde1+ Kd8 27. Qxb4 axb4 28. Kb2 Nd7 29. Ra1 d5
30. Ra8 Nxf6 $19) 26... axb4 27. Rd4 Nd7 28. Rxb4 Nxf6 29. Ra4 Kd8 30. Ra8 Kc7
31. Kb2 (31. Ra7+ Bb7 32. Bg2 d5 33. Re1 Rg8 34. Re2 Kb6 35. Ra4 Ne4 $19) 31...
Bb7 32. Ra4 d5 33. c4 Bd6 34. Rg7 Rf8 35. Bg2 Bxh2 36. Kc2 Be5 37. Rg5 Bf4 38.
Rg7 Ne8 39. Rh7 Nf6 40. Rg7 h4 {Curtacci} 0-1

[Event "corres Kellner memo"]
[Site "?"]
[Date "1989.??.??"]
[Round "?"]
[White "Goban, Marek"]
[Black "Florescu, Codrut-Constantin"]
[Result "1-0"]
[WhiteElo "2200"]
[BlackElo "2295"]
[Annotator "Fritz 5.00"]
[PlyCount "51"]
[EventDate "1991.??.??"]
[EventType "game (corr)"]

1. Nf3 d5 2. d4 Nf6 3. c4 dxc4 4. e3 Bg4 5. Bxc4 e6 6. h3 Bh5 7. Nc3 a6 8. g4
Bg6 9. Ne5 Nbd7 10. Nxg6 hxg6 11. Bf1 e5 12. Bg2 exd4 13. exd4 Rb8 14. O-O Bd6
$16 (14... Be7 15. Re1 $14) 15. Re1+ {White gets in control} Kf8 16. Qf3 c6 {
Covers b5+d5} 17. Bf4 Qc7 $16 (17... Nb6 18. Be5 $14) (17... Bxf4 18. Qxf4 Nb6
19. Qe5 Nfd5 20. Nxd5 Nxd5 21. Rac1 $14) 18. Bxd6+ Qxd6 19. Rad1 $14 {
White plans d5} (19. g5 Nh5 $16) 19... Re8 $16 (19... Nb6 20. Re2 $14) 20.
Rxe8+ Kxe8 21. d5 c5 $18 (21... Nxd5 $5 22. Nxd5 cxd5 23. Rxd5 Qc7 $16) 22. a4
Kf8 23. Re1 Kg8 24. Qg3 Qxg3 25. fxg3 Kh7 26. g5 (26. g5 Nh5 (26... Re8 27. Rf1
Ng8 (27... Nh5 28. g4 Ng3 29. Rxf7 $18) 28. Rxf7 Rd8 29. Rf4 $1 $18) 27. Re7
$18 Rd8 28. Ne2 $18) 1-0

[Event "?"]
[Site "Ë"]
[Date "1998.??.??"]
[Round "3"]
[White "Florescu, Codrut-Constantin"]
[Black "Scurhan, Gheorghe"]
[Result "1-0"]
[WhiteElo "2320"]
[BlackElo "2150"]
[PlyCount "75"]
[EventDate "128.??.01"]
[EventType "team"]
[EventRounds "4"]
[EventCountry "AUT"]
[EventCategory "30"]
[Source "b/signature.htm"]
[SourceDate "3188127.01.02"]

1. e4 e5 2. Nf3 Nc6 3. Nc3 Nf6 4. g3 g6 5. d4 exd4 6. Nxd4 Bg7 7. Nde2 O-O 8.
Bg2 Re8 9. O-O d6 10. h3 Be6 11. Be3 Bc4 12. Re1 Bxe2 13. Rxe2 h6 14. Qd2 Kh7
15. Rf1 Qd7 16. Kh2 Re7 17. f4 Rae8 18. Bf2 a6 19. g4 Nd8 20. Bh4 b5 21. Bxf6
Bxf6 22. Nd5 Re6 23. f5 Be5+ 24. Kh1 R6e7 25. c3 c6 26. Nxe7 Rxe7 27. h4 Re8
28. Rf3 Rg8 29. g5 h5 30. Bh3 Qe8 31. Ref2 a5 32. Qd3 a4 33. b3 axb3 34. axb3
Rh8 35. Ra2 Qe7 36. Qe3 c5 37. Qd3 Qb7 38. Qd5 1-0

[Event "?"]
[Site "?"]
[Date "1997.??.??"]
[Round "?"]
[White "Iordache, Traian"]
[Black "Florescu, Codrut-Constantin"]
[Result "0-1"]
[WhiteElo "2175"]
[BlackElo "2300"]
[PlyCount "68"]
[EventDate "103.??.07"]
[EventType "swiss ()"]
[EventCountry "NET"]
[EventCategory "59"]
[Source "b/signature.htm"]
[SourceDate "3188127.01.02"]

1. d4 Nf6 2. Nf3 b6 3. c4 e6 4. g3 Ba6 5. b3 Bb7 6. Bg2 Bb4+ 7. Bd2 a5 8. O-O
O-O 9. a3 Be7 10. Nc3 Ne4 11. Nxe4 Bxe4 12. Ne1 Bxg2 13. Nxg2 d5 14. cxd5 exd5
15. Qc2 c5 16. dxc5 bxc5 17. Rfd1 Nc6 18. e3 Qd7 19. Nf4 Rfd8 20. Be1 d4 21.
exd4 Nxd4 22. Qe4 f5 23. Qg2 g5 24. Nd3 g4 25. Ne5 Qe6 26. Rxd4 cxd4 27. Nc6
Re8 28. Nxd4 Qe4 29. Qxe4 fxe4 30. Nc6 e3 31. fxe3 Bc5 32. Nxa5 Rxe3 33. Bf2
Rxa5 34. b4 Rexa3 0-1

[Event "?"]
[Site "?"]
[Date "????.??.??"]
[Round "2"]
[White "Florescu, Codrut-Constantin"]
[Black "Dragomirescu, Calin"]
[Result "1-0"]
[WhiteElo "2422"]
[BlackElo "2240"]
[PlyCount "49"]

1. e4 d6 2. d4 Nf6 3. Nc3 g6 4. Bg5 Bg7 5. Qd2 c6 6. O-O-O b5 7. Bd3 O-O 8. f4
b4 9. Nce2 a5 10. f5 Ba6 11. Bxf6 Bxf6 12. h4 e6 13. Nf3 Bxd3 14. Qxd3 exf5 15.
exf5 Nd7 16. g4 g5 (16... a4) 17. Qd2 h6 18. hxg5 hxg5 19. Ng3 c5 (19... b3 20.
cxb3 a4) 20. Ne4 cxd4 21. Rh6 Bg7 22. Qh2 Ne5 23. Rh1 f6 24. Nxe5 dxe5 25. Rg6
1-0